01002cam a22002531 4500001001300000003000400013005001700017008004100034010001700075035002000092040004300112050001700155100002800172245009100200260004800291300002300339490005700362500013300419650003700552650003300589710003900622830007000661999001700731l 37000111 DLC20260227111536.0921102s1937 dcu f000 0 eng c al 37000111  a(OCoLC)26899538 aU.S. Dept. of Labor. LibrarycCLUdDLC00aHV742.D6bL81 aLundberg, Emma Octavia.14aThe public child-welfare program in the District of Columbia,cby Emma O. Lundberg ... aWashington,bU.S. Govt. Print. Off.,c1937. aiii, 18 p.c23 cm.1 aU.S. Children's Bureau. Bureau publication,vno. 240 aAt head of title: United States Department of Labor. Frances Perkins, secretary. Children's Bureau--Katharine F. Lenroot, chief. 0aChild welfarezWashington (D.C.) 0aCharitieszWashington (D.C.)1 aUnited States.bChildren's Bureau. 0aBureau publication (United States. Children's Bureau) ;vno. 240. c36233d36233